| 000 | 00635nam a2200253 a 4500 | ||
|---|---|---|---|
| 003 | AR-BaBNM | ||
| 005 | 20251128202943.0 | ||
| 008 | 082120s2002 ||||||||||||||000 | spa|| | ||
| 040 | _cAR-BaBNM | ||
| 100 | 1 | _aGonzález Arrili, Bernardo | |
| 245 | 0 | 0 | _aSan Martín |
| 260 |
_aBuenos Aires _bSociedad Impresora Americana _c1945 |
||
| 300 |
_a185 p. _bláms. |
||
| 490 | 0 | _aHombres de nuestra tierra | |
| 650 | 4 | _aHISTORIA ARGENTINA | |
| 650 | 4 | _aBIOGRAFIAS | |
| 650 | 4 | _aGUERRAS DE LA INDEPENDENCIA | |
| 650 | 4 | _aHISTORIA | |
| 651 | 4 | _aPerú | |
| 651 | 4 | _aChile | |
| 655 | _aBIOGRAFIAS | ||
| 942 | _cBK | ||
| 998 | _cEnrique | ||
| 999 |
_c1265 _d1265 |
||